| 000 | 00342nam a2200133Ia 4500 | ||
|---|---|---|---|
| 005 | 20260328101513.0 | ||
| 008 | 260328s9999||||xx |||||||||||||| ||und|| | ||
| 100 | _aMedina, Álvaro | ||
| 245 | 0 |
_aProcesos del Arte en Colombia / _cÁlvaro Medina |
|
| 260 | _bInstituto Colombiano de Cultura | ||
| 300 | _a565 p. | ||
| 650 | _aARTE | ||
| 942 | _cBK | ||
| 999 |
_c9271 _d9271 |
||